000 00288nam a22001337a 4500
008 180216b xxu||||| |||| 00| 0 eng d
020 _a0721610668
041 _aeng
080 _a61
100 _a4
101 _aSHM
245 _aUnderstanding lung sounds
_cLehrer,S
942 _2udc
_cBK
999 _c42803
_d42803